000 00312nam a2200121Ia 4500
008 190216s9999||||xx |||||||||||||| ||und||
100 _aVeera Reddy K
245 0 _aSymmetry And Spectroscopy Of Molecules
260 _bNew Age International Publishers
_c1999
300 _a684p
650 _aChemistry
942 _cBK
999 _c2855
_d2855